| 000 | 00000nam##2200000za#4500 |
| 001 | 9.700511 |
| 003 | CaOODSP |
| 005 | 20210625000851 |
| 007 | cr ||||||||||| |
| 008 | 150407|2010||||xxc|||||o f|0| 0 eng|d |
| 040 | |aCaOODSP|beng |
| 043 | |an-cn--- |
| 086 | 1 |aH128-1/10-599E-PDF |
| 110 | 1 |aCanada. |bHealth Canada. |bHealthy Environments and Consumer Safety Branch. |
| 245 | 10|aUseful information for environmental assessments |h[electronic resource] |
| 260 | |aOttawa - Ontario : |bHealth Canada. |cc2010. |
| 300 | |a18p. |
| 500 | |aThe catalogue number (H128-1/10-599E) and ISBN (978-1-100-15153-3) for the print edition have been copied in this PDF edition. |
| 590 | |a15-05-Supp|b2015-03-31 |
| 775 | 08|tInformation utile lors d'une évaluation environnementale |w(CaOODSP)9.644395 |
| 856 | 40|ahttp://publications.gc.ca|qPDF|s302 KB|uhttps://publications.gc.ca/collections/collection_2015/sc-hc/H128-1-10-599-eng.pdf |